| 000 | 01127 a2200217 4500 | ||
|---|---|---|---|
| 003 | Nust | ||
| 005 | 20170207154038.0 | ||
| 010 | _a 92075647 | ||
| 020 | _a0697148947 | ||
| 040 | _cNust | ||
| 082 | 0 | 0 | _a371.334 |
| 100 | 1 | _aRieber, Lloyd P. | |
| 245 | 1 | 0 |
_aComputers, graphics & learning (E-BOOK) _cLloyd P. Rieber. |
| 260 |
_aMadison, Wis. : _bBrown & Benchmark, _cc1994. |
||
| 300 |
_axiv, 287 p. : _bill. ; _c24 cm. |
||
| 505 | _aIntroduction (Page-13)An Overview of Graphics in Instruction (Page- 35) Developing Instructional Computer Graphics on Microcomputers (Page-70) Psychological Foundations of Instructional Graphics (Page-107) Review of Instructional Visual Research: Static Visuals (Page-137) Review of Instructional Visual Research: Animated Visuals (Page-159) Designing Graphics for Computer-Based Instruction: Basic Principles (Page-187) Designing Highly Interactive Visual Learning Environments (Page-226) Multimedia(Page- 263) | ||
| 650 | 0 | _aComputer graphics. | |
| 650 | 0 | _aComputer-assisted instruction. | |
| 651 | _aComputers, graphics & learning (E-BOOK) | ||
| 740 | 0 | _aComputers, graphics, and learning. | |
| 942 |
_2ddc _cBK |
||
| 999 |
_c192489 _d192489 |
||